Vista normal Vista MARC

Entrada Personal Name

Número de registros utilizados en: 1

001 - CONTROL NUMBER

  • control field: 6128

003 - CONTROL NUMBER IDENTIFIER

  • control field: OSt

005 - DATE AND TIME OF LATEST TRANSACTION

  • control field: 20200624184858.0

008 - FIXED-LENGTH DATA ELEMENTS

  • fixed length control field: 200624|| aca||aabn | a|a d

040 ## - CATALOGING SOURCE

  • Original cataloging agency: OSt
  • Transcribing agency: OSt

100 ## - HEADING--PERSONAL NAME

  • Personal name: Peña Briceño, Luis Carlos,

670 ## - SOURCE DATA FOUND

  • Source citation: Work cat.: (OSt)3895: Instituto Amazónico de Investigaciones Científicas, Sinchi. 6125, Orientaciones para reducción de la deforestación y degradación de los bosques : , 2016